All Call of Duty Characters - Statistics

General Stats
  • This quiz has been taken 42 times
  • The average score is 12 of 382
Answer Stats
Appearance Rank/Affiliation Nationality Name % Correct
Call of DutyCall of Duty 2 Call of Duty: MW Call of Duty: MW2 Call of Duty: MW3 Captain British John Price
57%
Black OpsBlack Ops 2 Cold War Captain American Alex Mason
40%
Call of Duty: MWCall of Duty: MW2 Call of Duty: MW3 Captain Scottish John "Soap" MacTavish
37%
Call of Duty: MW2 Lieutenant British Simon "Ghost" Riley
33%
Black OpsBlack Ops 2 Cold War Sergeant American Frank Woods
30%
Call of Duty: MW S.A.S. British Gaz
30%
Call of Duty: MW3 Master Sergeant American Sandman
30%
Call of Duty: MW2Call of Duty: MW3 Commander of Ultranationalist Russian Vladimir Makarov
30%
Call of Duty: MW3 Former Spetsnaz Russian Yuri
30%
Call of Duty: MWCall of Duty: MW2 Call of Duty: MW3 Senior Sergeant Russian Nikolai
27%
Black Ops 2 Lieutenant Commander American David Mason
23%
Call of Duty: MW2 Lieutenant General American Shepherd
23%
Call of Duty: MW2 Task Force Sniper British Archer
20%
Call of Duty: MW2 Sergeant American Foley
20%
Call of DutyCall of Duty: United Offensive Captain American Foley
20%
Call of Duty: MW Staff Sergeant American Griggs
20%
Call of Duty: MW Lieutenant British Mac
20%
Black Ops 2 Leader of Cordis die Nicaraguan Raul Menendez
20%
Call of Duty: MW2 Corporal American Dunn
17%
Black Ops Explorer British Gary
17%
Black OpsBlack Ops 2 Cold War CIA Special Agent American Jason Hudson
17%
Call of Duty: MW2 Private First Class American Joseph Allen
17%
Call of Duty: MWCall of Duty: MW3 Sergeant Russian Kamarov
17%
Ghosts Sergeant American Logan Walker
17%
Call of Duty: MW2 Australian Rook
17%
Cold War Special Agent American Russel Adler
17%
Call of Duty: MW2 American Scarecrow
17%
Call of Duty: MW3 Sergeant First Class American Truck
17%
Call of Duty: MWCall of Duty: MW2 Ultranationalist Russian Viktor
17%
Call of Duty: MWCall of Duty: MW3 Corporal British Griffen
13%
Call of Duty: MW3 Sergeant First Class American Grinch
13%
Call of Duty: MW2 Private American James Ramirez
13%
Call of Duty: MW Ultranationalist Russian Lev
13%
Call of Duty 2 Private American Miller
13%
Call of Duty: Finest Hour Sergeant American Miller
13%
Call of Duty: MW2 American Ozone
13%
Call of Duty: MW2 Task Force Sniper British Toad
13%
Call of Duty: MW Lieutenant American Vasquez
13%
Call of Duty: MWCal of Duty: MW3 Sergeant British Wallcroft
13%
Call of Duty: MW2 American Worm
13%
Vanguard Cold War Lieutenant Duala Arthur Kingsley
10%
Call of Duty: MW2 Sergeant British Gary "Roach" Sanderson
10%
Cold War MI6 Agent British Helen Park
10%
Call of Duty: MW Commander of Ultranationalist Russian Imran Zakhaev
10%
Black Ops President American John F. Kennedy
10%
Black OpsBlack Ops 2 Colonel now General Russian Lev Kravchencko
10%
Call of Duty: MWCall of Duty: MW3 Captain British MacMillan
10%
Call of Duty: MW2 Canadian Meat
10%
Black Ops Major General Russian Nikita Dragovich
10%
Call of Duty: MW2 Canadian Royce
10%
World at WarBlack Ops Black Ops 2 Captain Russian Viktor Reznov
10%
Call of Duty: MW2 Brazilian Alejandro Rojas
7%
Call of Duty: MW2 President and was Commander of Ultr. Russian Boris Vorshevsky
7%
Advanced Warfare Sergeant American Daniels
7%
Call of Duty: MW3 Staff Sergeant American Derek "Frost" Westbrook
7%
World at WarBlack Ops Private Russian Dimitri Petrenko
7%
Black Ops 2 CIA Spy Arabic Farid
7%
Black Ops CIA Special Agent Russo-American Grigori Weaver
7%
Call of Duty 2 Sergeant British John Davis
7%
Ghosts Sergeant American Keegan P. Russ
7%
Cold War Sergeant American Lawrence Sims
7%
Vanguard Second Lieutenant Australian Lucas Riggs
7%
Call of Duty: MW2 Driver American Merlin
7%
Call of Duty: MWCall of Duty: MW2 Call of Duty: MW3 Ghosts General Commander American Overlord
7%
Call of Duty: MW Sergeant American Paul Jackson
7%
Call of Duty: MW2 Private American Wade
7%
Black Ops 2 Mobster American Albert Arlington
3%
Call of Duty Sergeant Russian Alexei Ivanovich Voronin
3%
Call of Duty: MW2 Ultranationalist Russian Anatoly
3%
Call of Duty 2 Private American Andy Allen
3%
Call of Duty: MW Sergeant British Arem
3%
World at War Corporal Russian Arseni
3%
WW2 Staff Sergeant American Augustine Perez
3%
Black Ops Sergeant American Aziz
3%
Call of Duty: MW Sergeant British Barton
3%
Black Ops 2 Mobter American Billy Handsome
3%
Call of Duty 2: Big Red One Private American Blackburn
3%
Call of Duty: Finest Hour General Russian Bluton
3%
World at War Private Russian Chernov
3%
Call of Duty: Finest Hour Lieutenant American Chuck Walker
3%
Black Ops Sergeant American Crosby
3%
World at War Sergeant Russian Daletski
3%
Ghosts Lieutenant American David "Hesh" Walker
3%
Call of Duty 2 Tank Commander British David Welsh
3%
Call of Duty: Finest Hour British Edward Carlyle
3%
Ghosts Lieutenant Captain American Elias T. "Scarecrow" Walker
3%
Call of Duty: United Offensive Private American Ender
3%
Call of Duty Sergeant British Evans
3%
Black Ops Prime Minister of Cuba Cuban Fidel Castro
3%
Black Ops Doctor/Scientist German Friedrich Steiner
3%
Ghosts CommanderCaptain American Gabriel T. Rorke
3%
Black Ops 2 American George Barkley
3%
World at War General German Heinrich Amsel
3%
Call of Duty: MW2 British Joseph Abraham
3%
Call of Duty: MW Commander of OpFor Arabic Khaled Al-Asad
3%
Call of Duty: Finest Hour Private Russian Konstantin Bagramyan
3%
Call of Duty 3 Private Canadian Leslie Baron
3%
Black Ops 2 Panamanian Defense Forces Commander Panamanian Manuel Noriega
3%
Call of Duty: MW2 Colonel American Marshall
3%
Call of DutyCall of Duty: United Offensive Sergeant American Moody
3%
Call of Duty: Finest Hour Major Russian Nikolai Badanov
3%
World at War Black Ops Sergeant Russian Nikolai Belinski
3%
Vanguard Lieutenant Russian Polina Petrova
3%
World at War Private American Polonsky
3%
Call of Duty: Finest Hour Private Russian Pyotr Batyuk
3%
Call of Duty Lieutenant American Roe
3%
World at War Sergeant American Roebuck
3%
World at War Petty Officer American Rojas
3%
Call of Duty: MW2 Private American Sandler
3%
Call of Duty: MW Ultranationalist Russian Sasha
3%
World at WarBlack Ops American Tank Dempsey
3%
Ghosts Petty Officer 2nd ClassCaptain American Thomas A. Merrick
3%
Call of Duty: MW Ultranationalist Russian Victor Zakhaev
3%
Call of Duty: MW Lieutenant American Volker
3%
Vanguard Lieutenant American Wade Jackson
3%
Call of Duty: MW Private American West
3%
Call of Duty: United Offensive Private Russian Yuri Petrenko
3%
Black Ops 3 NRC General CO-Owner of Abasi Mineral Inc. Abasi Hakim
0%
Black Ops 2 American Abigail (Misty) Briarton
0%
Black Ops Phycologist American Adrienne Smith
0%
Call of Duty: Finest Hour Private Russian Aleksandr Sokolov
0%
Ghosts Sergeant American Alex V. "Ajax" Johsnon
0%
Call of Duty: Finest Hour Private British Allen Rowe
0%
Call of Duty 2: Big Red One Corporal American Alvin Bloomfield
0%
Call of Duty: Finest Hour Sergeant Russian Anna Posadkaya
0%
Call of Duty: Finest Hour Sergeant American Benny Church
0%
Call of Duty 2 Corporal American Bill Taylor
0%
Call of Duty 2 Colonel American Blake
0%
Call of Duty: Finest Hour Sergeant British Bob Starkey
0%
Call of Duty 3 Corporal Polish Bohater
0%
World at War Captain American Booth
0%
Call of Duty Sergeant Russian Borodin
0%
Call of Duty Private American Braeburn
0%
Call of Duty: Finest Hour Private American Bricker
0%
Black Ops Explorer British Brock
0%
Call of Duty Private American Brooks
0%
Black Ops Agent American Bruce Harris
0%
Call of Duty 3 Private American Bueller
0%
Black Ops Rebel Cuban Carlos
0%
Call of Duty: United Offensive Lieutenant American Carpenter
0%
Advanced Warfare Atlas Corporation American Carter
0%
Black Ops 2 Tacitus Corporation Developer American Chloe Lynch
0%
Call of Duty 2: Big Red One Private American Clements
0%
World at War Private American C. Miller
0%
Call of Duty: United Offensive Private American Coen
0%
Call of Duty 2 Lieutenant American Coffey
0%
Call of Duty 3 Lieutenant Corporal Canadian Cole
0%
World at War Private American Cook
0%
Advanced Warfare SergeantMajor American Cormack
0%
Black Ops 3 Coalescence Corporation Corvus
0%
Black Ops Doctor British Daniel Clarke
0%
Black Ops 3 54 Immortals Singaporean Danny "Blackjack" Li
0%
Call of Duty: Finest Hour Private American David Coen
0%
Call of Duty: MW Captain American "Deadly" Pelayo
0%
Black Ops 2 Commander of Mercs British DeFalco
0%
Black Ops Russian Defector
0%
Black Ops 3 Demigod Deimos
0%
Call of Duty: United Offensive Private American Denny
0%
Call of Duty 2 Lieutenant Russian Dimitri Volsky
0%
Call of Duty: Finest Hour Sergeant Russian Dimitriy Petrov
0%
Black Ops 3 Demigod Dolos
0%
Call of Duty 2 Private American Donnie McCloskey
0%
Call of Duty 2 Private American Doornink
0%
Advanced Warfare Atlas Corporation Drelick
0%
Black Ops Sergeant American Drew
0%
Call of Duty 3 Corporal British Duncan Keith
0%
Call of Duty: United Offensive Private American Eaton
0%
Call of Duty 2: Big Red One Corporal American Edrich
0%
World at WarBlack Ops Black Ops 2 Doctor German Edward Richtofen
0%
Call of Duty Private American Elder
0%
Call of Duty 2: Big Red One Private American Fahey
0%
Call of Duty: Finest Hour Private American Falk
0%
Call of Duty 3 Sergeant American Frank McCullin
0%
Call of Duty: Finest Hour Sergeant Russian Fyodor Belinki
0%
Call of Duty: MW American Gaines
0%
Call of Duty: Finest Hour Private American George Wilson
0%
Call of DutyCall of Duty: United Offensive Call of Duty 3 Major British Gerald Tiberius Ingram
0%
Black Ops Scientist Russian Gersch
0%
Black Ops 3 Private Sergeant Swiss Gfriffin
0%
Advanced Warfare Captain British Gideon
0%
Call of Duty 2: Big Red One Sergeant American Glenn Hawkins
0%
Call of Duty 2: Big Red One Private American Glover
0%
Black Ops 3Black Ops 4 Leader of 54 Immortals Singaporean Goh Min
0%
Black Ops 3Black Ops 4 Leader of 54 Immortals Singaporean Goh Xiulan
0%
Call of Duty 2: Big Red One General American Gordon
0%
World at War Major American Gordon
0%
Call of Duty: United Offensive Rifleman Dutch Goriss
0%
Call of Duty: Finest Hour Private American Greenwood
0%
Black Ops Scientist German Groph
0%
Call of Duty: MW2 Private Afghan Hamed
0%
Call of Duty Private American Harding
0%
Call of Duty 2: Big Red One Sergeant American Hassler
0%
Call of Duty Sergeant American Heath
0%
Call of Duty 2 Private American Henderson
0%
World at War Private American Henderson
0%
Call of Duty: United Offensive Captain American Hillen
0%
Call of Duty 2: Big Red One Lieutenant American Hubert
0%
Advanced Warfare SpetsnazAtlas Corporation Sentinel Task Force Russian Iione
0%
Call of Duty 3 French Isabelle DuFontaine
0%
Call of Duty: MW Civillian Russian Ivan Petrovitch
0%
Advanced Warfare Private First ClassAtlas Sergeant American Jack Mitchell
0%
Advanced Warfare Private American Jackson
0%
Black Ops 3 AgentCommander Major American Jacob Hendricks
0%
Black ops 3 Enforer Singaporean Jae Xiong
0%
Black Ops 3 Singapore Armed Forces Singaporean James Chung
0%
Call of Duty: United Offensive Rifleman Dutch Janssen
0%
Black Ops 3 Specialist American Javier Ramirez
0%
Call of Duty 3 Lieutenant Canadian Jean-Guy Robiechauld
0%
Call of Duty Corporal Polish Joakim "Lucky" Rudinski
0%
Call of Duty: Big Red One Corporal American John Jackson Smith
0%
Black Ops 3 Commander Captain American John Taylor
0%
Advanced Warfare Atlas Corporation American Joker
0%
Black Ops 2 Politician and Revolutionary Angolan Jonas Savimbi
0%
Call of Duty 3 Sergeant Canadian Jonathan Callard
0%
Advanced Warfare Founder, President, and CEO of Atlas Corporation American Jonathan Irons
0%
Black Ops Chief Petty Officer American Jospeh Bowman
0%
Advanced Warfare Atlas Corporation Juarez
0%
Call of Duty: Finest Hour Private American Kanemetzky
0%
Black Ops Agent American Kaylor
0%
Call of Duty: MW 2 Corporal American Keating
0%
Call of Duty: United Offensive Captain American Keirsey
0%
Call of Duty: Finest Hour Private Russian Kerensky
0%
Ghosts American Kick
0%
Call of Duty: MW2 Ultranationalist Russian Kiril
0%
World at War Private American Koopman
0%
Call of Duty: United Offensive Private American Koppel
0%
Call of Duty Lieutenant Russian Kozlov
0%
World at War Private American K. Pyle
0%
Black Ops 3 President American Leary
0%
Call of Duty: United Offensive Lieutenant American Lehmkhul
0%
Call of Duty 2 Lieutenant Russian Leonov
0%
Call of Duty 3 Private American Leroy Huxley
0%
Call of Duty 2 Commissar Russian Letlev
0%
Call of Duty: Finest Hour Sergeant Russian Lev Kuznetsov
0%
Call of Duty: Finest Hour Private American Lewis
0%
World at War Petty Officer American Locke
0%
Call of Duty: Finest Hour Private British Locke
0%
Call of Duty: MW Private British Lootz
0%
Call of Duty: Finest Hour Private Russian Lovonski
0%
Call of Duty: World at War: Final Fronts Private American Lucas Gibson
0%
World at WarBlack Ops Black Ops 2 Doctor German Ludvig Maxis
0%
Call of Duty 3 Sergeant Polish Łukasz kowalski
0%
Call of Duty: United Offensive Private British Luyties
0%
World at War Private American Luyties
0%
Call of Duty: MW2 Sergeant American Macey
0%
Call of Duty 2 Private British MacGregor
0%
Black Ops Sergeant American Maestas
0%
Call of Duty 3 Private American Mandlebaum
0%
Call of Duty 2: Big Red One Petty Officer American Mangin
0%
Call of Duty 2: Big Red One Private American Manny Castillo
0%
Call of Duty 3 French Marcel
0%
Call of Duty: MW3 Sergeant British Marcus Burns
0%
Call of Duty 3 Private Polish Marek Ulan
0%
World at War Commissar Russian Markhov
0%
Black Ops 2 American Marlton Johnson
0%
Call of Duty Private American Martin
0%
Call of Duty: MW Private American Massey
0%
Black Ops 3 CIA Belgian Maurice Baak
0%
Call of Duty 3 Private American McCord
0%
Call of Duty: MW2 Private American McCord
0%
Call of Duty 2: Big Red One Private American McCord
0%
Call of Duty 2: Big Red One Private American McLaughlin
0%
Black Ops 2 Mobster American Michael O'Leary
0%
Advanced Warfare Atlas Corporation Michaels
0%
Call of Duty 3 Sergeant American Mike Dixon
0%
Black Ops 2 Master Chief Petty Officer American Mike Harper
0%
World at War Private American M. McCord
0%
Call of Duty 2: Big Red One Corporal American Monty
0%
Black Ops Captain American Mosely
0%
Call of Duty 2 Lieutenant American Myers
0%
Black Ops Major American Neitsch
0%
Call of Duty 2: Big Red One Private American Neiwert
0%
Ghosts American Neptune
0%
Black Ops Russian Nevski
0%
Call of Duty 3 Private American Nichols
0%
Modern Warfare 2 Trinidadian Nicki Minaj
0%
Call of Duty 2 Private British Norman
0%
Call of Duty 2: Big Red One Captain American Norman Delaney
0%
Call of Duty 2: Big Red One Private American O'Bryant
0%
Call of Duty: Finest Hout Sergeant Russian Oleg Puskov
0%
World at War Corporal American O'Neil
0%
Call of Duty: Finest Hour Private American Parker
0%
Call of Duty 2: Big Red One Private American Parker
0%
Call of Duty: United Offensive Private American Parker
0%
Call of Duty 2 Private Russian Pavel Semenov
0%
Call of Duty 2 Private American Peas
0%
Black Ops 3 Specialist American Peter Maretti
0%
World at War OSS Operative American Peter McCain
0%
Call of Duty: MW2 Major Russian Petrov
0%
Call of Duty 3 French Pierre LaRoche
0%
Advanced Warfare President of USA American P.O.T.U.S.
0%
Advanced Warfare Radio Communicator American Prophet
0%
Black Ops 3 CIA AgentLiaison NCO American Rachel Kane
0%
Call of Duty 2 Lieutenant American Randall
0%
Advanced Warfare Atlas Corporation Rivers
0%
Black Ops Secretary of Defense American Robert McNamara
0%
Call of Duty 2: Big Red One Lieutenant American Roberts
0%
Call of Duty 2: Big Red One Private American Robinson
0%
Call of Duty 2: Big Red One Sergeant American Roland Roger
0%
Call of Duty: Finest Hour Private Russian Romanov
0%
Call of Duty 2 Private First Class American Rosetti
0%
Call of Duty: MW Private American Roycewicz
0%
Black Ops 2 American Russman
0%
Call of Duty 2: Big Red One Private American Rutherford
0%
Call of Duty: Finest Hour Private Russian Saadak
0%
Call of Duty: Finest Hour Sergeant Russian Sabir Volok
0%
Black Ops 3 Prime Minister of Egypt Egyptian Said
0%
Call of Duty 3 Private First Class American Salvadore Guzzo
0%
Black Ops 2 Mob Boss American Salvatore DeLuca
0%
World at WarBlack Ops Black Ops 2 German Samantha Maxis
0%
Call of Duty: Finest Hour Sergeant American Sam Rivers
0%
Black Ops 2 American Samuel J. Stuhlinger
0%
Call of Duty 3 Privater First Class American Santino Zoff
0%
Black Ops 3Black Ops 4 IT Specialist American Sarah Hall
0%
Black Ops CIA Office Worker American Sarah Leary
0%
Call of Duty: Finest Hour Lieutenant Russian Sasha Vidov
0%
Call of Duty: MW2 Astronaut American Sat1
0%
Call of Duty 2: Big Red One Private American Saunders
0%
Call of Duty: Finest Hour Private American Schmitter
0%
Black Ops Scientist Schuster
0%
Call of Duty: United Offensive Corporal American Scott Riley
0%
Call of Duty: MW Sergeant American Scully
0%
Black Ops 3 Specialist Second-In-Command American Sebastian Diaz
0%
Black Ops 3 Head of the Coalescence Corporation Sebastian Krueger
0%
Call of Duty: Finest Hour Commissar Russian Sergei Konstantinov
0%
Black Ops Prisoner Russian Sergei Kozin
0%
Call of Duty: MW Ultranationalist Russian Sergey
0%
Black Ops CIA Agent American Shabs
0%
Call of Duty: Finest Hour Private Russian Shakov
0%
Call of Duty: MW Chief Warrant Officer American Smith
0%
Call of Duty: United Offensive Rifleman Dutch Smits
0%
GhostsVanguard Modern Warfare 2 American Snoop Dogg
0%
World at WarBlack Ops Secretary German Sophia
0%
Call of Duty 2 Private American Spears
0%
Black Ops 2 Prison Guard American Stanley Ferguson
0%
Call of Duty 3 Major Polish Stan "Papa Jack" Jackowickz
0%
Call of Duty 2 : Big Red One Captain American Stavro
0%
Call of Duty 2: Big Red One Sergeant American Stephan Kelly
0%
Call of Duty 2: Big Red One Bombardier American "Stretch" Roger
0%
Call of Duty 2: Big Red One Private American Sumners
0%
Call of Duty: MW2 Private American Sumners
0%
Black Ops SOG Specialist Agent American Swift
0%
World at War
Black Ops
Captain Japanese Takeo Masaki
0%
Call of Duty: Finest Hour Lieutenant Russian Tanya Pavelona
0%
Call of Duty: Finest Hour Private Russian Tchnerovkov
0%
Call of Duty: Finest Hour Private Russian Telinov
0%
Black Ops CIA Special Agent American Terrance Brooks
0%
Black Ops 2 Admiral American Thomas Briggs
0%
Call of Duty: World at War: Final Fronts Private British Tom Sharpe
0%
World at War Sergeant American Tom Sullivan
0%
Advanced Warfare Atlas Corporation Torres
0%
Black Ops Russian Tvelin
0%
Call of Duty 2: Big Red One Private American Twohill
0%
Call of Duty: United Offensive Rifleman Dutch/Belgian Van de Berg
0%
Call of Duty: United Offensive Rifleman Dutch Van Dyke
0%
Call of Duty: Finest Hour Private Russian Vanya
0%
Call of Duty 2 Private Russian Vasili Ivanovich Koslov
0%
Black Ops Vietnamese VC Bookie
0%
Call of Duty 2: Big Red One Private American Victor Denley
0%
Black Ops Russian Vikharev
0%
Call of Duty: Finest Hour Commissar Russian Viktor Durasov
0%
Call of Duty: Finest Hour Sergeant Russian Viktor Gavrilov
0%
Call of Duty Major Russian V.S. Zubov
0%
Call of Duty: Finest Hour Private American Webb
0%
Call of Duty 2: Big Red One Private American Willhelm
0%
Advanced Warfare PrivateLance Corporal American Will Irons
0%
Call of Duty 2: Big Red One Private American Wilson
0%
Black Ops 3 Coalescence Corporation Cotardists Swiss Xavier Hirtzel
0%
Call of Duty Sergeant Russian Yakov Fetodovich Pavlov
0%
Black Ops Private Russian Yared
0%
Call of Duty: MW President Arabic Yasir Al-Fuloni
0%
Call of Duty 2: Big Red One Colonel American Young
0%
Black Ops 3 DoctorPsychologist Egyptian Yousef Salim
0%
Call of Duty: MW Ultranationalist Russian Yura
0%
Black Ops Scientist Russian Yuri Zavoyski
0%
Call of Duty: Finest Hour African Yusef
0%
Call of Duty: MW Sergeant American Zach Parker
0%
Call of Duty: MW American Zack Keating
0%
Call of Duty: Finest Hour Private Russian Zaitsev
0%
Call of Duty: Finest Hour Private Russian Zakhar Ivanov
0%
Black Ops 3 Lieutenant Egyptian Zeyad Khalil
0%
Call of Duty: Finest Hour Private Russian Zukov
0%
No matching quizzes found
Score Distribution
Percent of People with Each Score
Percentile by Number Answered
Your Score History
You have not taken this quiz